[Event "9th Bangabandhu Rapid Women 2021"]
[Site "Dhaka"]
[Date "2021.04.02"]
[Round "1.1"]
[White "Sultana, Sharmin Shirin"]
[Black "Afrin Jahan, Munia"]
[Result "1-0"]
[WhiteElo "2002"]
[BlackElo "1647"]
[Annotator "TA"]
[PlyCount "122"]
[EventDate "2021.04.02"]
[EventType "swiss"]
[EventCountry "BAN"]
[SourceTitle "playchess.com"]
[Source "ChessBase"]
[SourceQuality "1"]

{[%evp 10,122,28,18,29,35,35,37,49,-27,9,0,0,-7,-2,-14,-9,-4,0,-15,-3,-15,2,13,11,0,0,0,0,0,0,0,0,0,0,0,0,0,0,-55,0,-93,-86,-179,-73,-106,-97,-95,-45,-200,-173,-210,-180,-180,-172,-183,-74,-86,-46,-58,0,-145,-149,-185,0,-256,0,0,85,92,293,0,0,0,0,0,0,0,58,68,188,177,414,361,356,145,129,0,0,0,0,0,0,-79,-59,-94,-101,-101,0,0,0,0,0,0,-14,-18,0,0,0,0,829,608,29984,1110,29999]} 1. d4 d5 2. Nf3 Nf6 3. c4 c6 4. e3 e6 5. Nc3 Bd6 6. b3 a6 {D45: Semi-Slav: 5 e3.} 7. Bd3 O-O 8. O-O b5 {White is slightly better.} 9. cxb5 (9. Qc2 $14) 9... cxb5 10. Bb2 Bb7 11. Rc1 Nc6 {[#]} 12. a4 $146 ({Predecessor:} 12. Ne2 Rc8 13. Ne5 Qa5 14. a3 Bxa3 15. Ra1 b4 16. Ng3 Nxe5 17. dxe5 Nd7 18. Bd4 {1-0 (34) Travadon,L (2421)-Maltsevskaya,A (2311) Chess.com INT 2020}) 12... b4 13. Ne2 Rc8 14. Ng3 Ne7 15. Qe2 Qb6 16. Ne5 Ng6 17. Rxc8 Rxc8 18. f4 Ne4 19. Bxe4 dxe4 20. Nc4 Qc7 21. Nxd6 Qxd6 22. f5 exf5 23. Nxf5 Qd5 24. Qd1 (24. h4 $11 Qxb3 25. h5) 24... f6 (24... Rc7 $15) 25. Ng3 (25. h4 $11) 25... Ne7 $17 26. Rf4 (26. Rf2 $17 {is a better defense.}) 26... f5 (26... Qe6 $1 $19 27. a5 Bd5) 27. h3 g6 28. Rf2 Qc6 29. Qd2 $2 (29. d5 $1 $15 Qc5 30. d6) 29... Nd5 $19 30. Ne2 a5 31. Nf4 Nxf4 32. exf4 Rd8 (32... Qe8 $19 {and Black stays clearly on top.} 33. Rf1 e3) 33. Qe3 $17 Ba6 34. Rd2 {Threatening d5!} Bd3 (34... Qb6 $15) 35. Rf2 (35. d5 $1 $11 Rxd5 36. Kh2) 35... Qd5 36. Rd2 Qxb3 $2 (36... Rc8 $19 {White must now prevent ...Bc2.} 37. g4 Qxb3) 37. Kh2 $2 {[%mdl 8192]} (37. d5 $1 $11 {and White has nothing to worry.} Qxd5 38. Qa7) 37... Qxa4 $2 ({Black should play} 37... Rd5 $19 38. Qe1 Kf7) 38. d5 $11 Qd7 (38... Rxd5 $11 {remains equal.} 39. Qb6 Qe8) 39. Qd4 $16 Qe7 $2 (39... Kf8 $16) 40. Qh8+ $2 (40. Rd1 $1 $18 {[%cal Rd1c1]} Kf7 41. Ra1) 40... Kf7 $11 41. Qxh7+ Ke8 42. Qxg6+ Qf7 43. Qc6+ Rd7 ({Better is} 43... Qd7 $1 $11 44. Qg6+ Qf7 45. Qc6+ Qd7 46. Qg6+ Qf7) 44. d6 $14 Qe6 {[#]} (44... Qc4 $1 $14 45. Qa8+ {[%mdl 64] Double Attack} Kf7) 45. Be5 $1 $18 Qc4 $2 (45... Kf7 {was called for.} 46. Qc5 Qc4 47. Qxa5 e3) 46. Qa8+ {[%mdl 64] Double Attack} Rd8 47. d7+ (47. Qxa5 $18 {And now Ra2 would win.} Rd7 48. Rd1) 47... Kxd7 $16 48. Qb7+ ({White must play} 48. Qxa5 $16 {Hoping for Bf6.} Ke8 49. Qb6 (49. Bf6 Rd7 $16)) 48... Ke8 $11 49. Qg7 Qe6 50. Bf6 Rc8 51. Qh8+ (51. Bg5 $11) 51... Kd7 $17 52. Qg7+ Kc6 {Strongly threatening ...Qd7.} 53. Rd1 Kb6 (53... Rc7 $17 54. Qh8 Kb5 55. Qb8+ Qb6 56. Qe8+ Rc6) 54. Bd4+ $11 Kb5 55. Qb7+ Ka4 {...Kb3 is the strong threat.} 56. Ra1+ Kb3 {Threatens to win with ...a4.} 57. Rxa5 Qd6 58. Be5 ({But not} 58. Rxf5 {[#]} e3 $1 $17) 58... Qc6 59. Qa7 {aiming for Ra2.} Qc4 $2 {[%mdl 8192]} (59... Qc2 $11) 60. Ra1 {[%csl Ga1][%cal Ra7a4]} Kc2 61. Qe3 (61. Qf2+ $142 Be2 62. Qe3 Qd3 63. Qc1+ Kb3 64. Qb2+ Kc4 65. Rc1+ Kd5 66. Rxc8) 61... Be2 {A wild game.  Weighted Error Value: White=0.44/Black=0.54} 1-0

[Event "9th Bangabandhu Rapid Women 2021"]
[Site "Dhaka"]
[Date "2021.04.02"]
[Round "1.2"]
[White "Nusrat Jahan, Alo"]
[Black "Parveen, Tanima"]
[Result "1-0"]
[WhiteElo "1806"]
[BlackElo "1984"]
[Annotator "TA"]
[PlyCount "75"]
[EventDate "2021.04.02"]
[EventType "swiss"]
[EventCountry "BAN"]
[SourceTitle "playchess.com"]
[Source "ChessBase"]
[SourceQuality "1"]

{[%evp 14,75,56,47,63,57,52,65,60,58,56,53,46,47,45,41,76,47,63,45,63,43,54,62,69,67,103,22,72,82,77,74,72,13,95,71,85,67,110,123,122,110,246,177,158,180,260,175,173,0,231,0,175,163,350,338,1180,1166,29960,29956,29956,29944,6722,6694]} 1. e4 e5 2. Nf3 Nc6 3. Bc4 Bc5 4. c3 d6 5. d4 exd4 6. cxd4 Bb4+ 7. Nc3 Nf6 {7...Nf6 scores better than 7...Bg4.} 8. Bg5 O-O {C53: Giuoco Piano sidelines.} 9. O-O h6 10. Bxf6 Qxf6 {White is slightly better.} 11. Nd5 Qd8 12. Qa4 Ba5 13. Bb5 {[#]} Rb8 $146 ({Predecessor:} 13... Bb6 14. Nxb6 cxb6 15. Bxc6 bxc6 16. Qxc6 Bg4 17. Qc3 Rc8 18. Qd3 Qc7 19. h3 Bxf3 20. Qxf3 {½-½ (33) Nagy,Z (2059)-Kovacs,R (2127) Hungary 2011}) 14. b4 Bb6 15. Nxb6 axb6 16. Bxc6 bxc6 17. Qxc6 Bb7 18. Qc2 Qe7 19. Rfe1 Rfe8 {[%cal Rb7e4]} 20. Rac1 ({White should try} 20. d5 $16) 20... Rbc8 {[%cal Rb7e4]} 21. d5 c6 22. Qd3 ({But not} 22. dxc6 Rxc6 23. Qd2 Rxc1 $11) 22... cxd5 {aiming for ...Rxc1.} 23. exd5 ({Better is} 23. Rxc8 $16 Rxc8 24. exd5 {[%mdl 64] Discovered Attack}) 23... Qf6 (23... Rxc1 $11 24. Rxc1 Qe2) 24. Rxe8+ $16 Rxe8 25. Qb5 Ra8 26. a4 $1 {[%cal Ba2a4,Ba4a5][%mdl 32]} ({Much worse is} 26. Qxb6 $6 Bxd5 27. Qd4 Qxd4 $11) 26... Qb2 27. Re1 Qc2 (27... Qb3 $16) 28. Qxb6 Bxd5 29. a5 $36 {[%mdl 2048] Keeping Black busy.} ({Don't play} 29. Qxd6 $6 Bxf3 30. gxf3 Rxa4 $14) 29... Qc3 (29... Bxf3 {was worth a try.} 30. gxf3 Qd2) 30. Re3 Qa1+ {[#]} 31. Re1 (31. Ne1 $142 $1) 31... Qc3 $18 32. Re3 Qa1+ {[#]} 33. Ne1 $1 Be6 $2 (33... Rc8) 34. Qxd6 Rc8 $2 (34... Kh7 35. h3 Ra7 36. Qd3+ Kg8) 35. Rxe6 fxe6 36. Qxe6+ {[%mdl 64] Double Attack} Kh7 37. Qf5+ g6 38. Qd7+ {Weighted Error Value: White=0.35/Black=0.51} 1-0

[Event "9th Bangabandhu Rapid Women 2021"]
[Site "Dhaka"]
[Date "2021.04.02"]
[Round "1.3"]
[White "Hamid, Rani"]
[Black "Wadifa, Ahmed"]
[Result "1-0"]
[WhiteElo "1923"]
[BlackElo "1525"]
[Annotator "TA"]
[PlyCount "31"]
[EventDate "2021.04.02"]
[EventType "swiss"]
[EventCountry "BAN"]
[SourceTitle "playchess.com"]
[Source "ChessBase"]
[SourceQuality "1"]

{[%evp 19,31,29,49,14,97,94,95,100,103,102,130,120,108,94]} 1. e4 c5 2. Nf3 e6 3. d4 cxd4 4. Nxd4 Nc6 5. Nc3 Qc7 6. Be2 a6 7. O-O Nf6 8. Be3 Bb4 9. Nxc6 bxc6 10. Na4 Rb8 11. Bd3 {B49: Sicilian: Taimanov: 5 Nc3 Qc7 6 Be3 a6 7 Be2.} e5 {[#]} (11... d5 $11 {remains equal.}) 12. c4 $1 $16 {White is better.} Be7 13. c5 O-O {[#]} 14. Rc1 $146 ({Predecessor:} 14. Nb6 d6 15. cxd6 Bxd6 16. Nxc8 Qxc8 17. Qc2 Ng4 18. Ba7 Ra8 19. Bc5 Rd8 20. Rfd1 Bxc5 21. Qxc5 {1-0 (33) Labib,I (2305)-Tissir,M (2280) Cairo 1998}) 14... d6 15. cxd6 Bxd6 16. Qe2 {Black did not feel at home in the position after the opening.  Weighted Error Value: White=0.04/Black=0.33} 1-0

[Event "9th Bangabandhu Rapid Women 2021"]
[Site "Dhaka"]
[Date "2021.04.02"]
[Round "1.4"]
[White "Kazi Zarin, Tasnim"]
[Black "Sultana, Zakia"]
[Result "0-1"]
[WhiteElo "1790"]
[BlackElo "1814"]
[Annotator "NA RC"]
[PlyCount "146"]
[EventDate "2021.04.02"]
[EventType "swiss"]
[EventCountry "BAN"]
[SourceTitle "playchess.com"]
[Source "ChessBase"]
[SourceQuality "1"]
[TimeControl "1500+10"]

1. e4 {[%emt 0:25:10]} e6 {[%emt 0:25:10]} 2. d4 d5 {[%emt 0:00:10]} 3. exd5 {[%emt 0:00:20]} exd5 {[%emt 0:00:10]} 4. Nf3 {[%emt 0:00:10]} Nf6 {[%emt 0:00:10]} 5. Bd3 {[%emt 0:00:10]} Be7 {[%emt 0:00:10]} 6. O-O {[%emt 0:00:10]} Bg4 {[%emt 0:00:10]} 7. Re1 {[%emt 0:00:10]} O-O {[%emt 0:00:10]} 8. h3 {[%emt 0:00:10]} Bh5 {[%emt 0:00:10]} 9. Bf4 {[%emt 0:00:10]} Nbd7 {[%emt 0:00:10]} 10. c3 {[%emt 0:00:10]} c6 {[%emt 0:00:10]} 11. Nbd2 {[%emt 0:00:10]} Re8 {[%emt 0:00:10]} 12. Qb3 {[%emt 0:00:10]} Bxf3 {[%emt 0:00:10]} 13. Nxf3 {[%emt 0:00:10]} Qb6 {[%emt 0:00:10]} 14. Qc2 {[%emt 0:00:10]} h6 {[%emt 0:00:10]} 15. Qd2 {[%emt 0:00:10]} Bf8 {[%emt 0:00:10]} 16. Ne5 {[%emt 0:00:10]} Nxe5 {[%emt 0:00:10]} 17. Bxe5 {[%emt 0:00:10]} Nd7 {[%emt 0:00:10]} 18. Bg3 {[%emt 0:00:10]} Nf6 {[%emt 0:00:10]} 19. Bc2 {[%emt 0:00:10]} Ne4 {[%emt 0:00:10]} 20. Qd3 {[%emt 0:00:10]} (20. Bxe4 $5 Rxe4 21. Rxe4 dxe4 22. Re1 $14) 20... g6 {[%emt 0:00:10]} ({Reject} 20... Qxb2 $6 {[#]} 21. f3 $1 $16) 21. Be5 {[%emt 0:00:10] [#]} ({White should play} 21. b3 $15) 21... Rxe5 $1 {[%emt 0:00:10]} 22. dxe5 {[%emt 0:00:10]} Qxf2+ {[%emt 0:00:10]} 23. Kh1 {[%emt 0:00:10] [#]} Qxe1+ $3 {[%emt 0:00:10]} 24. Rxe1 {[%emt 0:00:10]} Nf2+ {[%emt 0:00:10] Double Attack} 25. Kh2 {[%emt 0:00:10]} Nxd3 {[%emt 0:00:10]} 26. Bxd3 {[%emt 0:00:10]} Re8 {[%emt 0:00:10]} 27. e6 {[%emt 0:00:10]} Kg7 {[%emt 0:00:10]} 28. c4 {[%emt 0:00:10]} Rxe6 {[%emt 0:00:10]} 29. Rd1 {[%emt 0:00:10]} dxc4 {[%emt 0:00:10]} 30. Bxc4 {[%emt 0:00:10]} Rd6 {[%emt 0:00:10]} 31. Rf1 {[%emt 0:00:10]} Rf6 {[%emt 0:00:10]} 32. Rd1 {[%emt 0:00:10]} Bd6+ {[%emt 0:00:10]} 33. Kg1 {[%emt 0:00:10]} Bc5+ {[%emt 0:00:10]} 34. Kh1 {[%emt 0:00:10]} Rd6 {[%emt 0:00:10]} 35. Rf1 {[%emt 0:00:10]} f5 {[%emt 0:00:10]} 36. Re1 {[%emt 0:00:10]} Kf6 {[%emt 0:00:10]} 37. a3 {[%emt 0:00:10]} b5 {[%emt 0:00:10]} 38. Bf1 {[%emt 0:00:10]} Bd4 {[%emt 0:00:10]} 39. Rd1 {[%emt 0:00:10]} Be5 {[%emt 0:00:10]} 40. Rb1 {[%emt 0:00:10]} Rd2 {[%emt 0:00:10]} 41. b3 {[%emt 0:00:10]} Rb2 {[%emt 0:00:10]} 42. Rc1 {[%emt 0:00:10]} Rxb3 {[%emt 0:00:10]} 43. Rxc6+ {[%emt 0:00:10]} Kg5 {[%emt 0:00:10]} 44. Kg1 {[%emt 0:00:10]} Bd4+ {[%emt 0:00:10]} 45. Kh2 {[%emt 0:00:10]} Rb1 {[%emt 0:00:10]} 46. Bd3 {[%emt 0:00:10]} Be5+ {[%emt 0:00:10]} 47. g3 {[%emt 0:00:10]} Rb2+ {[%emt 0:00:10]} 48. Bc2 {[%emt 0:00:10]} h5 {[%emt 0:00:10]} 49. h4+ {[%emt 0:00:10]} Kh6 {[%emt 0:00:10]} 50. Kh3 {[%emt 0:00:10]} Kg7 {[%emt 0:00:10]} 51. Rc5 {[%emt 0:00:10]} Bd6 {[%emt 0:00:10]} 52. Rc6 {[%emt 0:00:10]} Bxa3 {[%emt 0:00:10]} 53. Bd3 {[%emt 0:00:10]} a5 {[%emt 0:00:10]} 54. Ra6 {[%emt 0:00:10]} a4 {[%emt 0:00:10]} 55. Rb6 {[%emt 0:00:10]} Bc5 {[%emt 0:00:10]} 56. Rb7+ {[%emt 0:00:10]} Kf6 {[%emt 0:00:10]} 57. Rc7 {[%emt 0:00:10]} Bd6 {[%emt 0:00:10]} 58. Rc6 {[%emt 0:00:10]} Ke5 {[%emt 0:00:10]} 59. Rc8 {[%emt 0:00:10]} a3 {[%emt 0:00:10]} 60. Re8+ {[%emt 0:00:10]} Kd4 {[%emt 0:00:10]} 61. Bf1 {[%emt 0:00:10]} a2 {[%emt 0:00:10]} 62. Ra8 {[%emt 0:00:10]} Rb1 {[%emt 0:00:10]} 63. Rxa2 {[%emt 0:00:10]} Rxf1 {[%emt 0:00:10]} 64. Rd2+ {[%emt 0:00:10]} Kc5 {[%emt 0:00:10]} 65. Kg2 {[%emt 0:00:10]} Rc1 {[%emt 0:00:10]} 66. Re2 {[%emt 0:00:10]} Rc3 {[%emt 0:00:10]} 67. Re6 {[%emt 0:00:10]} Rxg3+ {[%emt 0:00:10]} 68. Kf2 {[%emt 0:00:10]} Rg4 {[%emt 0:00:10]} 69. Kf3 {[%emt 0:00:10]} b4 {[%emt 0:00:10]} 70. Ke3 {[%emt 0:00:10]} b3 {[%emt 0:00:10]} 71. Kd3 {[%emt 0:00:10]} Kd5 {[%emt 0:00:10]} 72. Re2 {[%emt 0:00:10]} Be5 {[%emt 0:00:10]} 73. Re1 {[%emt 0:00:10]} Rxh4 {[%emt 0:00:10]} 0-1

[Event "9th Bangabandhu Rapid Women 2021"]
[Site "Dhaka"]
[Date "2021.04.02"]
[Round "2.1"]
[White "Noshin, Anjum"]
[Black "Sultana, Sharmin Shirin"]
[Result "1-0"]
[WhiteElo "1874"]
[BlackElo "2002"]
[Annotator "ChessBase"]
[PlyCount "199"]
[EventDate "2021.04.02"]
[EventType "swiss"]
[EventCountry "BAN"]
[SourceTitle "playchess.com"]
[Source "ChessBase"]
[SourceQuality "1"]
[TimeControl "1500+10"]

1. e4 {[%emt 0:00:00]} c5 {[%emt 0:00:00]} 2. Nf3 {[%emt 0:00:00]} e6 {[%emt 0:00:00]} 3. d4 {[%emt 0:00:00]} cxd4 {[%emt 0:00:00]} 4. Nxd4 {[%emt 0:00:01]} a6 {[%emt 0:00:00]} 5. Nc3 {[%emt 0:00:06]} Qc7 {[%emt 0:00:00]} 6. Bd3 {[%emt 0:00:14]} Nc6 {[%emt 0:00:09]} 7. Nxc6 {[%emt 0:01:23]} dxc6 {[%emt 0:00:29]} 8. f4 {[%emt 0:04:45]} e5 {[%emt 0:01:13]} 9. O-O {[%emt 0:06:28]} Bc5+ {[%emt 0:00:07]} 10. Kh1 {[%emt 0:00:04]} Nf6 {[%emt 0:00:05]} 11. fxe5 {[%emt 0:01:04]} Ng4 {[%emt 0:00:12]} 12. Qf3 {[%emt 0:00:18]} Be6 {[%emt 0:00:12]} 13. Bf4 {[%emt 0:00:15]} Bd4 {[%emt 0:02:17]} 14. Ne2 {[%emt 0:01:27]} Bxe5 {[%emt 0:01:16]} 15. Bxe5 {[%emt 0:01:20]} Qxe5 {[%emt 0:01:15]} 16. Qg3 {[%emt 0:00:15]} Qxg3 {[%emt 0:00:41]} 17. Nxg3 {[%emt 0:00:02]} g6 {[%emt 0:00:58]} 18. h3 {[%emt 0:00:16]} Ne5 {[%emt 0:19:06]} 19. Ne2 {[%emt 0:00:19]} O-O-O {[%emt 0:00:00]} 20. Nf4 {[%emt 0:00:11]} Bd7 {[%emt 0:00:00]} 21. Be2 {[%emt 0:01:16]} h5 {[%emt 0:00:00]} 22. Rad1 {[%emt 0:02:26]} g5 {[%emt 0:00:00]} 23. Nd3 {[%emt 0:00:28]} Nxd3 {[%emt 0:00:00]} 24. Rxd3 {[%emt 0:00:18]} Be6 {[%emt 0:00:00]} 25. Rxd8+ {[%emt 0:00:57]} Kxd8 {[%emt 0:00:00]} 26. Kg1 {[%emt 0:00:18]} Ke7 {[%emt 0:00:00]} 27. b3 {[%emt 0:01:13]} Kd6 {[%emt 0:00:00]} 28. Kf2 {[%emt 0:00:41]} Ke5 {[%emt 0:00:00]} 29. Ke3 {[%emt 0:00:02]} h4 {[%emt 0:00:00]} 30. Bf3 {[%emt 0:01:38]} f6 {[%emt 0:00:00]} 31. Rd1 {[%emt 0:00:11]} Rg8 {[%emt 0:00:00]} 32. Rh1 {[%emt 0:00:39]} Rg7 {[%emt 0:00:00]} 33. Rd1 {[%emt 0:01:02]} Rh7 {[%emt 0:00:00]} 34. Rg1 {[%emt 0:00:27]} Bf7 {[%emt 0:00:00]} 35. Rd1 {[%emt 0:00:22]} Bg6 {[%emt 0:00:00]} 36. Rd4 {[%emt 0:00:04]} Re7 {[%emt 0:00:00]} 37. c3 {[%emt 0:00:17]} Bf7 {[%emt 0:00:00]} 38. Bg4 {[%emt 0:00:09]} Bg6 {[%emt 0:00:00]} 39. Bf3 {[%emt 0:00:09]} b5 {[%emt 0:00:00]} 40. Bg4 {[%emt 0:00:11]} a5 {[%emt 0:00:30]} 41. a4 {[%emt 0:00:13]} bxa4 {[%emt 0:00:08]} 42. Rxa4 {[%emt 0:00:08]} Kd6 {[%emt 0:00:13]} 43. Rxa5 {[%emt 0:00:17]} Bxe4 {[%emt 0:00:21]} 44. Kf2 {[%emt 0:00:05]} Bc2 {[%emt 0:01:05]} 45. b4 {[%emt 0:00:09]} Bd3 {[%emt 0:00:06]} 46. Bf5 {[%emt 0:00:07]} Bb5 {[%emt 0:00:24]} 47. Bg4 {[%emt 0:00:06]} Re5 {[%emt 0:00:18]} 48. Ra8 {[%emt 0:00:07]} f5 {[%emt 0:00:06]} 49. Bf3 {[%emt 0:00:07]} Re7 {[%emt 0:00:19]} 50. Rg8 {[%emt 0:00:06]} Ra7 {[%emt 0:00:32]} 51. Rxg5 {[%emt 0:00:08]} Ra2+ {[%emt 0:00:10]} 52. Kg1 {[%emt 0:00:29]} Ke5 {[%emt 0:00:20]} 53. Rg6 {[%emt 0:00:17]} Ra1+ {[%emt 0:00:15]} 54. Kh2 {[%emt 0:00:02]} Ra6 {[%emt 0:00:12]} 55. Rh6 {[%emt 0:00:09]} f4 {[%emt 0:00:43]} 56. Rxh4 {[%emt 0:00:05]} Ra3 {[%emt 0:00:00]} 57. Rh5+ {[%emt 0:00:05]} Kd6 {[%emt 0:00:10]} 58. Rf5 {[%emt 0:00:13]} Rxc3 {[%emt 0:00:02]} 59. Rxf4 {[%emt 0:00:01]} Ke5 {[%emt 0:00:11]} 60. Rh4 {[%emt 0:00:06]} Rc2 {[%emt 0:00:08]} 61. Kg3 {[%emt 0:00:06]} Rb2 {[%emt 0:00:21]} 62. Re4+ {[%emt 0:00:04]} Kf6 {[%emt 0:00:07]} 63. h4 {[%emt 0:00:32]} Rc2 {[%emt 0:00:25]} 64. h5 {[%emt 0:00:13]} Bd3 {[%emt 0:00:04]} 65. Rd4 {[%emt 0:00:04]} Bb5 {[%emt 0:00:14]} 66. Kf4 {[%emt 0:00:24]} Rf2 {[%emt 0:00:17]} 67. Rd6+ {[%emt 0:00:11]} Ke7 {[%emt 0:00:02]} 68. Rg6 {[%emt 0:00:04]} Kf7 {[%emt 0:00:06]} 69. Ke3 {[%emt 0:00:11]} Rb2 {[%emt 0:00:05]} 70. Bxc6 {[%emt 0:00:14]} Rxb4 {[%emt 0:00:23]} 71. Bxb5 {[%emt 0:00:07]} Rxb5 {[%emt 0:00:01]} 72. g4 {[%emt 0:00:05]} Rb4 {[%emt 0:00:15]} 73. Rg5 {[%emt 0:00:06]} Kf6 {[%emt 0:00:04]} 74. Rg6+ {[%emt 0:00:02]} Kf7 {[%emt 0:00:01]} 75. Kf3 {[%emt 0:00:01]} Ra4 {[%emt 0:00:03]} 76. Kg3 {[%emt 0:00:02]} Rb4 {[%emt 0:00:03]} 77. Kh4 {[%emt 0:00:03]} Rb5 {[%emt 0:00:02]} 78. Ra6 {[%emt 0:00:06]} Kg7 {[%emt 0:00:04]} 79. h6+ {[%emt 0:00:08]} Kh7 {[%emt 0:00:02]} 80. g5 {[%emt 0:00:01]} Rb1 {[%emt 0:00:06]} 81. Kh5 {[%emt 0:01:10]} Rh1+ {[%emt 0:00:04]} 82. Kg4 {[%emt 0:00:01]} Rg1+ {[%emt 0:00:08]} 83. Kf4 {[%emt 0:00:03]} Rf1+ {[%emt 0:00:03]} 84. Ke5 {[%emt 0:00:09]} Rf2 {[%emt 0:00:40]} 85. Rf6 {[%emt 0:00:25]} Re2+ {[%emt 0:00:33]} 86. Kf5 {[%emt 0:00:06]} Rf2+ {[%emt 0:00:06]} 87. Ke6 {[%emt 0:00:16]} Rg2 {[%emt 0:00:01]} 88. Rf5 {[%emt 0:00:09]} Kg6 {[%emt 0:00:11]} 89. Re5 {[%emt 0:00:08]} Ra2 {[%emt 0:00:09]} 90. Rd5 {[%emt 0:00:18]} Re2+ {[%emt 0:00:05]} 91. Kd7 {[%emt 0:00:04]} Re1 {[%emt 0:00:17]} 92. Kd6 {[%emt 0:00:10]} Re2 {[%emt 0:00:02]} 93. Re5 {[%emt 0:00:06]} Rd2+ {[%emt 0:00:03]} 94. Ke7 {[%emt 0:00:02]} Ra2 {[%emt 0:00:07]} 95. Rd5 {[%emt 0:00:10]} Ra7+ {[%emt 0:00:19]} 96. Rd7 {[%emt 0:00:15]} Ra5 {[%emt 0:00:02]} 97. h7 {[%emt 0:00:06]} Kxh7 {[%emt 0:00:15]} 98. Kf6+ {[%emt 0:00:04]} Kg8 {[%emt 0:00:05]} 99. Rd8+ {[%emt 0:00:19]} Kh7 {[%emt 0:00:01]} 100. g6+ {[%emt 0:00:02]} 1-0

[Event "9th Bangabandhu Rapid Women 2021"]
[Site "Dhaka"]
[Date "2021.04.02"]
[Round "2.2"]
[White "Sabikun Nahar, Tonima"]
[Black "Hamid, Rani"]
[Result "0-1"]
[WhiteElo "1533"]
[BlackElo "1923"]
[Annotator "ChessBase"]
[PlyCount "65"]
[EventDate "2021.04.02"]
[EventType "swiss"]
[EventCountry "BAN"]
[SourceTitle "playchess.com"]
[Source "ChessBase"]
[SourceQuality "1"]
[TimeControl "1500+10"]

1. e4 {[%emt 0:00:00]} c5 {[%emt 0:00:00]} 2. Nf3 {[%emt 0:00:10]} e6 {[%emt 0:00:10]} 3. d4 {[%emt 0:00:10]} cxd4 {[%emt 0:00:10]} 4. Nxd4 {[%emt 0:00:10]} a6 {[%emt 0:00:10]} 5. Nc3 {[%emt 0:00:08]} Qc7 {[%emt 0:00:03]} 6. Be2 {[%emt 0:00:23]} Nf6 {[%emt 0:00:04]} 7. O-O {[%emt 0:00:04]} Be7 {[%emt 0:00:26]} 8. Be3 {[%emt 0:00:44]} O-O {[%emt 0:00:20]} 9. a3 {[%emt 0:00:18]} d6 {[%emt 0:00:42]} 10. Qd2 {[%emt 0:00:37]} b5 {[%emt 0:00:22]} 11. f4 {[%emt 0:00:28]} Bb7 {[%emt 0:00:04]} 12. Bf3 {[%emt 0:00:42]} Nbd7 {[%emt 0:00:15]} 13. Nb3 {[%emt 0:00:08]} Rac8 {[%emt 0:00:28]} 14. Rfc1 {[%emt 0:01:36]} Nb6 {[%emt 0:01:15]} 15. Na5 {[%emt 0:02:07]} Ba8 {[%emt 0:00:18]} 16. e5 {[%emt 0:03:36]} Nfd5 {[%emt 0:01:04]} 17. exd6 {[%emt 0:00:53]} Bxd6 {[%emt 0:00:12]} 18. Bxd5 {[%emt 0:03:25]} Nxd5 {[%emt 0:01:29]} 19. Nxd5 {[%emt 0:00:36]} Bxd5 {[%emt 0:00:08]} 20. c4 {[%emt 0:02:23]} bxc4 {[%emt 0:00:16]} 21. Nxc4 {[%emt 0:01:16]} Bxc4 {[%emt 0:01:03]} 22. b3 {[%emt 0:00:04]} Qe7 {[%emt 0:01:00]} 23. bxc4 {[%emt 0:00:10]} Bxa3 {[%emt 0:00:42]} 24. Rc2 {[%emt 0:00:21]} Bb4 {[%emt 0:01:01]} 25. Qf2 {[%emt 0:00:27]} a5 {[%emt 0:00:15]} 26. Kh1 {[%emt 0:00:53]} Qf6 {[%emt 0:01:13]} 27. Bd4 {[%emt 0:00:32]} Qf5 {[%emt 0:00:12]} 28. g4 {[%emt 0:03:07]} Qe4+ {[%emt 0:00:41]} 29. Kg1 {[%emt 0:00:04]} Rfd8 {[%emt 0:00:24]} 30. Be3 {[%emt 0:01:21]} Rd3 {[%emt 0:01:04]} 31. Bb6 {[%emt 0:02:33]} Rf3 {[%emt 0:01:43]} 32. Qe2 {[%emt 0:00:12]} Qxf4 {[%emt 0:00:16]} 33. Qd1 {[%emt 0:00:52]} 0-1